|
|
|
|
| LEADER |
00893nam a2200265 a 4500 |
| 001 |
2598 |
| 003 |
BD-DhAAL |
| 005 |
20150614124627.0 |
| 008 |
150614s1998 fr 001 0 eng d |
| 010 |
|
|
|a 00295198
|
| 020 |
|
|
|a 9231035126
|
| 040 |
|
|
|a OSU
|c OSU
|d UIU
|d TZT
|d DLC
|d BD-DhAAL
|
| 050 |
0 |
0 |
|a JC571
|b .A383 1998
|
| 082 |
0 |
0 |
|a 323/.071/2
|2 21
|
| 245 |
0 |
0 |
|a All human beings-- :
|b a manual for human rights education.
|
| 260 |
|
|
|a Paris :
|b Unesco,
|c 1998.
|
| 300 |
|
|
|a 172 p. :
|b ill. ;
|c 24 cm.
|
| 490 |
1 |
|
|a Teacher's library
|
| 500 |
|
|
|a Includes index.
|
| 541 |
|
|
|e 2598
|
| 650 |
|
0 |
|a Human rights
|x Study and teaching.
|9 12052
|
| 830 |
|
0 |
|a Teacher's library (Paris, France)
|9 12053
|
| 942 |
|
|
|2 ddc
|c BK
|
| 999 |
|
|
|c 34720
|d 34720
|
| 952 |
|
|
|0 0
|1 0
|2 ddc
|4 0
|6 323_000000000000000__071_2_HUM
|7 0
|9 54295
|a SCL
|b SCL
|c GEN
|d 2015-06-14
|g 600.00
|l 0
|o 323.0712 HUM
|p 3020002598
|r 2015-06-14
|t 1
|w 2015-06-14
|y BK
|